000 00385nam a2200157Ia 4500
008 231217s9999 xx 000 0 und d
041 _aEnglish
082 _a001.6424LIN LOV R
100 _aLove, Robert
245 0 _aLinux kernel development
250 _a2nd ed.
260 _c2005
_bPearson
_aDelhi
300 _axvi+401
650 _aLinux,kernel,development
942 _cAA
999 _c176672
_d176672